Emotions, values, and agency /

The emotions we experience are crucial to who we are, to what we think and to what we do. But what are emotions, exactly, and how do they relate to agency? This volume spells out an account of emotions, which is grounded on analogies between emotions and sensory experiences and to explore the implic...

Full description

Bibliographic Details
Main Author: Tappolet, Christine (Author)
Format: eBook
Language:English
Published: Oxford : Oxford University Press, 2016.
Edition:First edition.
Subjects:
Online Access:Connect to the full text of this electronic book

MARC

Tag First Indicator Second Indicator Subfields
LEADER 00000cam a2200000Mi 4500
001 in00005714421
005 20260319163523.6
006 m o d
007 cr cn|---m||||
008 160613s2016 enk fob 001 0 eng d
040 |a U3G  |b eng  |e rda  |e pn  |c U3G  |d OCLCO  |d YDX  |d LGG  |d AUD  |d IOG  |d STBDS  |d OCLCF  |d FIE  |d OCL  |d U3W  |d BUF  |d CEF  |d OTZ  |d WYU  |d TKN  |d OCLCQ  |d N$T  |d EBLCP  |d OCLCQ  |d UKAHL  |d OCLCO  |d OCLCQ  |d SFB  |d OCLCQ  |d OCLCO  |d OCLCL  |d CLOUD  |d UKKRT  |d OCLCQ  |d OCLCL 
019 |a 962811921  |a 1066623182  |a 1091900178 
020 |a 9780199696512 
020 |a 0199696519 
020 |a 9780191828850  |q (ebook) 
020 |a 0191828858 
020 |a 9780191089411  |q (electronic bk.) 
020 |a 0191089419  |q (electronic bk.) 
035 |a (OCoLC)973350080  |z (OCoLC)962811921  |z (OCoLC)1066623182  |z (OCoLC)1091900178 
050 4 |a B105.E46 
072 7 |a PHI  |x 010000  |2 bisacsh 
082 0 4 |a 128.37  |2 23 
084 |a 08.36  |2 bcl 
049 |a TXAM 
100 1 |a Tappolet, Christine,  |e author. 
245 1 0 |a Emotions, values, and agency /  |c Christine Tappolet. 
250 |a First edition. 
264 1 |a Oxford :  |b Oxford University Press,  |c 2016. 
300 |a 1 online resource 
336 |a text  |b txt  |2 rdacontent 
337 |a computer  |b c  |2 rdamedia 
338 |a online resource  |b cr  |2 rdacarrier 
500 |a This edition previously issued in print: 2016. 
504 |a Includes bibliographical references and index. 
520 8 |a The emotions we experience are crucial to who we are, to what we think and to what we do. But what are emotions, exactly, and how do they relate to agency? This volume spells out an account of emotions, which is grounded on analogies between emotions and sensory experiences and to explore the implications of this account for our understanding of human agency. 
521 |a Specialized. 
588 0 |a Online resource; title from home page (viewed on July 14, 2016). 
505 0 |a Emotion and perception -- Emotion and motivation -- Emotion and values -- Emotion and responsibility -- Emotion and agency. 
650 0 |a Values. 
650 0 |a Emotions (Philosophy) 
650 6 |a Émotions (Philosophie) 
650 7 |a PHILOSOPHY  |x Movements  |x Humanism.  |2 bisacsh 
650 7 |a Values  |2 fast 
650 7 |a Emotions (Philosophy)  |2 fast 
655 7 |a Electronic books.  |2 local 
758 |i has work:  |a Emotions, values, and agency (Text)  |1 https://id.oclc.org/worldcat/entity/E39PCG9M4Cby8jKKcHXJ986jfq  |4 https://id.oclc.org/worldcat/ontology/hasWork 
776 0 8 |i Print version:  |a Tappolet, Christine.  |t Emotions, values, and agency.  |b First edition.  |d Oxford : Oxford University Press, 2016  |z 0199696519  |z 9780199696512  |w (OCoLC)933584561 
856 4 0 |u http://proxy.library.tamu.edu/login?url=https://academic.oup.com/book/8682  |z Connect to the full text of this electronic book  |t 0 
955 |a Oxford Scholarship Online 
994 |a 92  |b TXA 
999 f f |i 17df00d5-ceba-4093-b4c9-3b5bcfbb2116  |s f9f3e2d3-2dc8-4f33-aa15-e45cc8e623da  |t 0 
952 f f |a Texas A&M University  |b College Station  |c Electronic Resources  |s www_evans  |d Available Online  |t 0  |e B105.E46   |h Library of Congress classification 
998 f f |a B105.E46   |t 0  |l Available Online